大地的掌紋
| 資料類型: | 圖書 | 書目號: | 51830 |
Leader xxxxxxxxxx 001 __ 102510/7/01 005 __ 20171120175637.924 010 0_ |a978-986-450-143-4|b平裝|d新臺幣320元 020 __ |atw|b106013519 042 __ |anbic 100 __ |a20171120d2017 km y0chiy50 e 101 0_ |achi 102 __ |atw 105 __ |aa z 000cy 200 1_ |a大地的掌紋|f陳月霞著 210 __ |a臺北市|c九歌|d2017[民106] 215 0_ |a239面|c部分彩圖|d21公分 225 12 |a九歌文庫|v1265 681 __ |a855.48|b8767 700 _1 |a陳|b月霞|4著 801 _0 |atw|bLibDipper|c20171120|gCCR |